Research plan immunization and prevention in the insufficient of sanitary static data of child health: for middle/low income countrues (Запись № 13700887)

Подробности
000 -МАРКЕР
контрольное поле 02463nam0a2200361 4500
001 - ИДЕНТИФИКАТОР ЗАПИСИ
контрольное поле RU\NLR\BIBL_A\022762533
005 - ИДЕНТИФИКАТОР ВЕРСИИ
контрольное поле 20260503065214.0
010 ## - МЕЖДУНАРОДНЫЙ СТАНДАРТНЫЙ НОМЕР КНИГИ (ISBN)
Номер (ISBN) 978-5-209-12774-1
Тираж 100
021 ## - НОМЕР ГОСУДАРСТВЕННОЙ РЕГИСТРАЦИИ
Код страны Российская Федерация
Номер КН-П-26-004397
Номер Листа государственной регистраци КН-П-26-0417
035 ## - ДРУГИЕ СИСТЕМНЫЕ НОМЕРА
Идентификатор записи (NLR Aleph) 022762533
100 ## - ДАННЫЕ ОБЩЕЙ ОБРАБОТКИ
Данные общей обработки 20260323d2025 k y0rusy50 ca
101 0# - ЯЗЫК РЕСУРСА
Язык текста, звукозаписи и т.д. английский
102 ## - СТРАНА ПУБЛИКАЦИИ ИЛИ ПРОИЗВОДСТВА
Страна публикации Российская Федерация
105 ## - ПОЛЕ КОДИРОВАННЫХ ДАННЫХ: ТЕКСТОВЫЕ МАТЕРИАЛЫ, МОНОГРАФИЧЕСКИЕ
Кодированные данные о монографическом текстовом документе y j 000yy
181 #0 - ПОЛЕ КОДИРОВАННЫХ ДАННЫХ: ВИД СОДЕРЖАНИЯ
Код вида содержания (ISBD) i4
Код характеристики содержания (ISBD) axxe
182 #0 - ПОЛЕ КОДИРОВАННЫХ ДАННЫХ: ТИП СРЕДСТВА
Код типа средства (ISBD) n - непосредственное
200 1# - ЗАГЛАВИЕ И СВЕДЕНИЯ ОБ ОТВЕТСТВЕННОСТИ
Основное заглавие Research plan immunization and prevention in the insufficient of sanitary static data of child health: for middle/low income countrues
Сведения, относящиеся к заглавию organizational, methodological, research recommendations
Первые сведения об ответственности John David Esu, Dmitry Ivanovich Kicha, Anna Vladimirovna Fomina
Последующие сведения об ответственности [RUDN university, Institute of medicine]
203 ## - ВИД СОДЕРЖАНИЯ И ТИП СРЕДСТВА
Вид содержания Текст
Дополнительные сведения об издании визуальный
Тип средства непосредственный
210 ## - ПУБЛИКАЦИЯ, РАСПРОСТРАНЕНИЕ И ДР.
Место издания, распространения и т.д. Moscow
Имя издателя, распространителя и т. д. Peoples' friendship university of Russia named after Patrice Lumumba
Дата издания, распространения и т.д. 2025
215 ## - ФИЗИЧЕСКАЯ ХАРАКТЕРИСТИКА
Специфическое обозначение материала и объем 18 с.
Размеры 21
300 ## - ОБЩИЕ ПРИМЕЧАНИЯ
Текст примечания В вып. дан.: Иммунизация и профилактика при недостаточности санитарно-статистических данных о здоровье детей: в странах со средним/низким уровнем дохода : организационные, методические, исследовательские рекомендации / Ису Давид Джон, Кича Дмитрий Иванович, Фомина Анна Владимировна
517 1# - ДРУГИЕ ВАРИАНТЫ ЗАГЛАВИЯ
Вариант заглавия Иммунизация и профилактика при недостаточности санитарно-статистических данных о здоровье детей: в странах со средним/низким уровнем дохода
Сведения, относящиеся к заглавию организационные, методические, исследовательские рекомендации
606 1# - НАИМЕНОВАНИЕ ТЕМЫ КАК ПРЕДМЕТ
Наименование темы Дети
Формальный подзаголовок Методические пособия
Тематический подзаголовок Иммунизация
Географический подзаголовок Зарубежные страны
Системный номер авторитетной/нормативной записи 2707454
Идентификатор авторитетной/нормативной записи RU\NLR\AUTH\6601769970
686 1# - ИНДЕКСЫ ДРУГИХ КЛАССИФИКАЦИЙ
Индекс Р193.95я8
686 1# - ИНДЕКСЫ ДРУГИХ КЛАССИФИКАЦИЙ
Индекс Р192.9(3)я8
700 #1 - ИМЯ ЛИЦА - ПЕРВИЧНАЯ ОТВЕТСТВЕННОСТЬ
Начальный элемент ввода Esu
Часть имени, кроме начального элемента ввода J.D.
Расширение инициалов личного имени John David
701 #1 - ИМЯ ЛИЦА - АЛЬТЕРНАТИВНАЯ ОТВЕТСТВЕННОСТЬ
Графика поля Латинская
Материалы, к которым относится поле rus
Начальный элемент ввода Kiča
Часть имени, кроме начального элемента ввода D. I.
Расширение инициалов личного имени Dmitrij Ivanovič
Системный номер авторитетной/нормативной записи 178521
Идентификатор авторитетной/нормативной записи RU\NLR\AUTH\770178572
701 #1 - ИМЯ ЛИЦА - АЛЬТЕРНАТИВНАЯ ОТВЕТСТВЕННОСТЬ
Графика поля Латинская
Материалы, к которым относится поле rus
Начальный элемент ввода Fomina
Часть имени, кроме начального элемента ввода A. V.
Дополнения к именам, кроме дат д-р фармацевт. наук
Расширение инициалов личного имени Anna Vladimirovna
Системный номер авторитетной/нормативной записи 178528
Идентификатор авторитетной/нормативной записи RU\NLR\AUTH\770178579
942 ## - ДОПОЛНИТЕЛЬНЫЕ ЭЛЕМЕНТЫ ЗАПИСИ (АБИС)
Тип экземпляра АБИС Книга
980 ## - КОЛЛЕКЦИЯ
Название коллекции Национальная библиография

Нет доступных экземпляров.